[Event "Mem Rabell Mendez Grupo B"]
[Site "San Sebastian"]
[Date "2014.01.19"]
[Round "5"]
[White "Carles Negron, Jaime"]
[Black "Rivera Rivera, Roberto I"]
[Result "0-1"]
[WhiteElo "1920"]
[BlackElo "1541"]
[PlyCount "96"]
[EventDate "2014.01.17"]
[EventType "swiss"]
[EventRounds "5"]
[EventCountry "PUR"]
[SourceTitle "EXT 2024"]
[Source "ChessBase"]
[SourceDate "2023.10.10"]
[SourceVersion "1"]
[SourceVersionDate "2023.10.10"]
[SourceQuality "1"]

1. e4 c5 2. Nf3 d6 3. Bb5+ Bd7 4. Bxd7+ Nxd7 5. 0-0 e6 6. c3 Ngf6 7. Re1 Be7 8. d4 cxd4 9. cxd4 0-0 10. Nc3 Re8 11. h3 Nb6 12. Bf4 Bf8 13. Qd3 g6 14. Bg5 Be7 15. Bh6 Bf8 16. Qe3 Bxh6 17. Qxh6 Nfd7 18. e5 d5 19. Nb5 Nf8 20. Rac1 Re7 21. Rc2 a6 22. Nd6 Nc8 23. Nxc8 Rxc8 24. Rxc8 Qxc8 25. Rc1 Rc7 26. Rxc7 Qxc7 27. h4 Qc2 28. Qd2 Qb1+ 29. Kh2 Qxa2 30. Qb4 b5 31. Ng5 h6 32. Nh3 Qc4 33. Qd2 Kg7 34. Qf4 Nh7 35. g4 b4 36. Qe3 b3 37. f4 a5 38. h5 a4 39. g5 Qc2+ 40. Kg3 Qxb2 41. gxh6+ Kxh6 42. f5+ g5 43. Qf3 Qxd4 44. Nf2 Qf4+ 45. Qxf4 gxf4+ 46. Kxf4 b2 47. Kg4 exf5+ 48. Kxf5 b1Q+ 0-1

[Event "Mem Rabell Mendez Grupo B"]
[Site "San Sebastian"]
[Date "2014.01.18"]
[Round "3"]
[White "Carles Negron, Jaime"]
[Black "Morales Santos, Natasha"]
[Result "0-1"]
[WhiteElo "1920"]
[BlackElo "1575"]
[PlyCount "109"]
[EventDate "2014.01.17"]
[EventType "swiss"]
[EventRounds "5"]
[EventCountry "PUR"]
[SourceTitle "EXT 2024"]
[Source "ChessBase"]
[SourceDate "2023.10.10"]
[SourceVersion "1"]
[SourceVersionDate "2023.10.10"]
[SourceQuality "1"]

1. e4 e6 2. d3 c5 3. Nf3 Nc6 4. g3 g6 5. Bg2 Bg7 6. 0-0 Nge7 7. Re1 0-0 8. Nc3 d6 9. Bf4 a6 10. Qd2 d5 11. e5 Nf5 12. Bg5 Qa5 13. Bf6 d4 14. Ne4 Qxd2 15. Nexd2 Bxf6 16. exf6 Nb4 17. Rec1 Rd8 18. a3 Nd5 19. Ne4 b6 20. g4 Nd6 21. Nxd6 Rxd6 22. Ne5 Rb8 23. g5 Bb7 24. Re1 Nf4 25. Bxb7 Rxb7 26. h4 h6 27. gxh6 Nh5 28. Ng4 Rd5 29. Kg2 Rf5 30. Rh1 Rd7 31. Rae1 Rdd5 32. c4 Rd8 33. Kh2 Nxf6 34. Nxf6+ Rxf6 35. Kg3 Kh7 36. Re5 Rh8 37. f4 Kxh6 38. h5 Kg7 39. Kg4 gxh5+ 40. Rhxh5 Rxh5 41. Rxh5 Rh6 42. Rg5+ Rg6 43. Kf3 Rxg5 44. fxg5 Kg6 45. Kg4 e5 46. b4 f5+ 47. gxf6 Kxf6 48. Kg3 Kg5 49. b5 a5 50. Kf3 Kf5 51. a4 e4+ 52. dxe4+ Ke5 53. Kg4 Kxe4 54. Kg5 d3 55. Kf6 0-1